Sidney Crosby Trivia - Statistics

General Stats
  • This quiz has been taken 148 times
  • The average score is 10 of 15
Answer Stats
Question Answer % Correct
What number does Crosby wear? 87
92%
What team held the 1st Pick in the 2005 Draft (Crosby) Pittsburgh Penguins
92%
Current Team Pittsburgh Penguins
92%
Nickname: Sid __ __ Crosby. The Kid
92%
How many Stanley Cups has Crosby won? 3
91%
What position does Crosby play? Center
89%
What year was he born? 1987
83%
What Providence of Canada was Crosby born in? Nova Scotia
74%
What QMJHL team did Crosby play for? Rimouski Océanic
50%
^ 2nd Pick (Bobby Ryan) Anaheim Mighty Ducks
49%
^ What city? Halifax
47%
What is Crosby's full name (Middle too)? Sidney Patrick Crosby
42%
^ High School? Shattuck-Saint Mary's
27%
^3rd Pick (Jack Johnson) Carolina Hurricanes
21%
What college did Crosby attend? Southern New Hampshire University
9%
No matching quizzes found
Score Distribution
Percent of People with Each Score
Percentile by Number Answered
Your Score History
You have not taken this quiz